Εκατό χρόνια ρωσικής ποίησης
Αποθηκεύτηκε σε:
| Κύριος συγγραφέας: | |
|---|---|
| Μορφή: | Βιβλίο |
| Γλώσσα: | Greek |
| Δημοσίευση: |
Κύπρος :
Ενωση Λογοτεχνών Κύπρου,
1989
|
| Θέματα: | |
| Ετικέτες: |
Προσθήκη ετικέτας
Δεν υπάρχουν, Καταχωρήστε ετικέτα πρώτοι!
|
MARC
| LEADER | 00000nam a2200000 i 4500 | ||
|---|---|---|---|
| 001 | 1/82256 | ||
| 008 | 970306s1989 gre d | ||
| 020 | |a 9963-7535-4-X | ||
| 035 | |a 1992 |b 3 |c Δωρεά |l 10033898 | ||
| 040 | |a GR-MY-UA |b gre |e aacr | ||
| 041 | 0 | |a gre | |
| 082 | 0 | |a 891.7101 | |
| 100 | 1 | |a Μολέσκης, Γιώργος |d 1946- | |
| 245 | 1 | 0 | |a Εκατό χρόνια ρωσικής ποίησης / |c Γιώργος Μολέσκης |
| 260 | |a Κύπρος : |b Ενωση Λογοτεχνών Κύπρου, |c 1989 | ||
| 300 | |a 107 σ. | ||
| 650 | 0 | 0 | |a Russian poetry |x History and criticm. |
| 852 | |a INST |b RHODES |e 19970306 |h 891.7101 ΜΟΛ |p 005400000250 |q 005400000250 |t BK |y 0 | ||
| 909 | |a Ρ |b 022255 |c 1992 | ||
| 970 | |z 2000/06/ΟΙΚΟΝΟΜΟΠΟΥΛΟΥ (SUBJECT) | ||